The role of professional indemnity insurance in the management of project risks (Record no. 74384)
[ view plain ]
| 000 -LEADER | |
|---|---|
| fixed length control field | 01102cab a2200181 4500 |
| 001 - CONTROL NUMBER | |
| control field | ABS67743 |
| 008 - FIXED-LENGTH DATA ELEMENTS--GENERAL INFORMATION | |
| fixed length control field | 040429n2004 000 0 eng u |
| 035 ## - SYSTEM CONTROL NUMBER | |
| System control number | (Sirsi) u126062 |
| 041 ## - LANGUAGE CODE | |
| Language code of text/sound track or separate title | eng |
| 100 ## - MAIN ENTRY--PERSONAL NAME | |
| Personal name | MacGregor, E. |
| 245 #4 - TITLE STATEMENT | |
| Title | The role of professional indemnity insurance in the management of project risks |
| 260 ## - PUBLICATION, DISTRIBUTION, ETC. | |
| Date of publication, distribution, etc. | 2004 |
| 490 ## - SERIES STATEMENT | |
| Series statement | Civil Engineering Surveyor |
| Volume/sequential designation | April 2004, 30-32(2) |
| 520 ## - SUMMARY, ETC. | |
| Summary, etc. | Summarises the reasons for taking out professional indemnity insurance as a way for professional practitioners to protect themselves. Highlights that some policies limit the insurer's exposure to claims made solely on the basis of the consultant's negligence. Recommends some alternative methods for insuring project risk, such as transferring risk to members of the construction team by way of contract terms. Such risks are then usually insured by way of professional liability insurance. Warns that mismanagement of financial risk of construction has materially increased the costs of those risks in the past. |
| 590 ## - LOCAL NOTE (RLIN) | |
| Local note | ABS |
| 690 ## - LOCAL SUBJECT ADDED ENTRY--TOPICAL TERM (OCLC, RLIN) | |
| Topical term or geographic name as entry element | Project management |
| 9 (RLIN) | 6261 |
| 942 ## - ADDED ENTRY ELEMENTS (KOHA) | |
| Suppress in OPAC | 0 |
| Withdrawn status | Lost status | Source of classification or shelving scheme | Damaged status | Not for loan | Home library | Current library | Shelving location | Date acquired | Total Checkouts | Full call number | Barcode | Date last seen | Copy number | Price effective from | Koha item type |
|---|---|---|---|---|---|---|---|---|---|---|---|---|---|---|---|
| Dewey Decimal Classification | London | London | Journal article | 29/04/2004 | ABS67743 | 126062-1001 | 06/08/2019 | 1 | 06/08/2019 | Journal article |